Terminografické úvahy na margo inovačnej príručky

Bibliographic Details
Main Author: Jarošová, Alexandra, 1952- (Author)
Format: Article
Language:Slovak
ISSN:0037-6981
Subjects:

MARC

LEADER 00000nab a2200000 a 4500
001 vtls000715421
003 SK-MaSNL
005 20260304143014.0
008 250505c1999 xo 0 slo
015 |a SNBRB2000/03-06504 
035 |a CLN000067588 
035 |a urn:nbn:sk:snk-abbt46 
035 |a (urnnbn)urn:nbn:sk:snk:ar-003k26 
035 |a (uuid)65941030-e473-4c47-b4e4-7cbc87328262 
040 |a SNKBUCL  |b slo  |c SNKBUCL  |e AACR2 
041 0 |a slo 
044 |a xo  |c SK 
080 |a 801.316.4:808.54:73/76(048)  |2 1997 
080 |a 808.54-316.4:73/76(048)  |2 1997 
080 |a 73/76:801.316.4(048)  |2 1997 
100 1 |a Jarošová, Alexandra,  |d 1952-  |4 aut  |9 108244 
245 1 0 |a Terminografické úvahy na margo inovačnej príručky  |c Alexandra Jarošová 
504 |a Bibliogr. odkazy 
650 0 7 |a výtvarné umenie  |y 20. stor., 2. polovica  |x terminologické slovníky  |x recenzie  |2 snkbucl  |9 1463210 
650 0 7 |a slovenčina  |2 snkbucl  |9 1350 
650 0 7 |a odborná terminológia  |2 snkbucl  |9 3616 
650 0 7 |a terminologické slovníky  |2 snkbucl  |9 454712 
650 0 7 |a terminografia  |2 snkbucl  |9 101407 
655 7 |a recenzie  |2 snkbucl  |9 21907 
773 0 |t Slovenská reč  |g Roč. 64, č. 4 (1999), s. 214-219  |x 0037-6981 
787 0 8 |i Rec.:  |a Geržová, Jana, 1951-  |t Kľúčové termíny výtvarného umenia druhej polovice 20. storočia  |d Bratislava : Profil, 1998  |z 8088675553 
850 |a Slovenská národná knižnica 
852 |a Slovenská národná knižnica 
954 |a odborná, vedecká literatúra pôvodná (slovenská)  |2 lita 
958 |a article15 
958 |a NB 
958 |a RC 
958 |a OND 
958 |a EUIPO 
999 |c 2924084  |d 2926014